Quan điểm của ĐCS Việt Nam về công tác giáo dục chính trị, tư tưởng thời kỳ đổi mới và vận dụng vào giáo dục chính trị, tư tưởng cho học sinh, sinh viên trong giai đoạn hiện nay

Đảng lãnh đạo công tác giáo dục chính trị, tư tưởng thời kỳ đổi mới (1986 - nay). Vận dụng quan điểm của Đảng vào giáo dục chính trị, tư tưởng cho học sinh, sinh viên trong giai đoạn hiện nay

Gorde:
Xehetasun bibliografikoak
Egile nagusia: Đỗ, Thị Vy
Beste egile batzuk: Nguyễn, Tiến Lương Th.S (Hướng dẫn)
Formatua: Liburua
Hizkuntza:Vietnamese
Argitaratua: Đại học Đà Nẵng Trường đại học Sư Phạm 2011
Saila:Luận văn tốt nghiệp đại học. Chuyên ngành : Giáo dục chính trị
Gaiak:
Etiketak: Etiketa erantsi
Etiketarik gabe, Izan zaitez lehena erregistro honi etiketa jartzen!
Thư viện lưu trữ: Mạng thư viện Đại học Đà Nẵng
LEADER 01753nam a2200349 4500
001 000011744
003 8015
005 20120209150212.0
008 120209s2011 viesd
041 |a vie 
072 |a Khóa luận tốt nghiệp 
082 |a 324.259707071  |b ĐO-V 
100 |a Đỗ, Thị Vy 
245 |a Quan điểm của ĐCS Việt Nam về công tác giáo dục chính trị, tư tưởng thời kỳ đổi mới và vận dụng vào giáo dục chính trị, tư tưởng cho học sinh, sinh viên trong giai đoạn hiện nay  |c Đỗ, Thị Vy 
260 |a Đại học Đà Nẵng  |b Trường đại học Sư Phạm  |c 2011 
300 |a 70 tr.  |b hình mhọa  |c 29 cm 
490 |a Luận văn tốt nghiệp đại học. Chuyên ngành : Giáo dục chính trị 
500 |a Tham khảo [3 tr.] 
520 |a Đảng lãnh đạo công tác giáo dục chính trị, tư tưởng thời kỳ đổi mới (1986 - nay). Vận dụng quan điểm của Đảng vào giáo dục chính trị, tư tưởng cho học sinh, sinh viên trong giai đoạn hiện nay 
653 |a Luận văn tốt nghiệp đại học 
653 |a Khoa Giáo dục chính trị 
700 |a Nguyễn, Tiến Lương  |c Th.S  |e Hướng dẫn 
OWN |a LSP 
AVA |a UDN50  |b LSP  |d 324.259707071 ĐO-V  |e available  |t Error 5001 Not defined in file expand_doc_bib_avail.  |f 1  |g 0  |h N  |i 0  |k 1 
999 |a From the UDN01 
AVA |a UDN50  |b LSP  |d 324.259707071 ĐO-V  |e available  |t Error 5001 Not defined in file expand_doc_bib_avail.  |f 1  |g 0  |h N  |i 0  |k 1 
TYP |a Monograph 
TYP |a Printed language 
980 |a Mạng thư viện Đại học Đà Nẵng